| 000 | 00607nam a22002057a 4500 | ||
|---|---|---|---|
| 999 |
_c2889 _d2889 |
||
| 003 | AR-CdUCM | ||
| 008 | 190305b ||||| |||| 00| 0 spa d | ||
| 040 |
_aMUNICIPALIDAD PROVINCIAL DEL CUSCO _cBIBLIOTECA MUNICIPAL DEL CUSCO |
||
| 082 |
_a869.26 / _bC82 |
||
| 100 |
_aCortazar, Julio _9909 |
||
| 245 | _aUna Flor Amarilla / | ||
| 260 |
_aEcuador : _bAriel Ltda ; _c1974. |
||
| 300 |
_a176 páginas ; _c18cm |
||
| 440 |
_aColección Ariel Universal _n4 _99966 |
||
| 505 | _aCuentos | ||
| 650 |
_aCuentos argentinos _92794 |
||
| 650 |
_aLiteratura argentina _984 |
||
| 942 |
_2ddc _cLIBROS |
||
| 945 | _anom | ||